Cartography : visualization of spatial data

Saved in:
Bibliographic Details
Main Author: Kraak, M. J.
Other Authors: Ormeling, F. J. (Ferdinand Jan)
Format: Book
Language:English
Published: Essex : Longman, c1996
Subjects:
Tags: Add Tag
No Tags, Be the first to tag this record!

MARC

LEADER 00000nam a2200000 i 4500
001 1/81476
008 990518s1996 eng d
020 |a 0-582-25953-3 
035 |l 10050891 
040 |a GR-MY-UA  |b gre  |e aacr 
041 0 |a eng 
082 0 |a 526 
100 1 |a Kraak, M. J. 
245 1 0 |a Cartography :  |b visualization of spatial data /  |c Menno-Jan Kraak and Ferjan Ormeling 
260 |a Essex :   |b Longman,   |c c1996 
300 |a 222 p.  |b fig. 
650 0 0 |a Cartography. 
700 1 |a Ormeling, F. J.  |q (Ferdinand Jan) 
852 |a INST  |b LESVOS  |e 19990518  |h 526 KRA  |p 005100019897  |q 005100019897  |t BK  |y 0 
901 |a BIBL1-1999-2 
909 |a Λ  |b 062131 
922 |a 1ΕΛΗ  |b 199812  |c ΚΠΣ/ΤΓ  |d LEADER 
950 |a 118-1998-10-19 
970 |a ΤΖΑΦΕΡΗ  |b ΕΥΑΓΓΕΛΙΑ  |z 1999/07/08